|
|
|
|
| LEADER |
00000cam a2200000 7i4500 |
| 001 |
0000001182 |
| 005 |
20240924.0 |
| 008 |
240424 nyu a eng |
| 020 |
|
|
|a 0871965879 (hardback)
|
| 040 |
|
|
|a INS
|b eng
|e rda
|
| 090 |
0 |
0 |
|a RHC447
|b .M354 1981
|
| 245 |
1 |
4 |
|a The markets of Asia Pacific :
|b Indonesia
|
| 264 |
|
1 |
|a New York :
|b Facts on File Inc.
|c 1981
|
| 300 |
|
|
|a xi, 126 pages :
|b illustrations, maps ;
|c 30 cm.
|
| 336 |
|
|
|a text
|2 rdacontent
|
| 337 |
|
|
|a unmediated
|2 rdamedia
|
| 338 |
|
|
|a volume
|2 rdacarrier
|
| 500 |
|
|
|a Includes index
|
| 651 |
|
0 |
|a Indonesia
|x Commerce
|
| 651 |
|
0 |
|a Indonesia
|x Economic conditions
|y 1945
|
| 710 |
2 |
|
|a Asia Pacific Centre
|
| 999 |
|
|
|a 0000002261
|b BOOK
|c Reference
|e Default branch
|